Регионална библиотека "Любен Каравелов" - Русе

Concordances in the Classroom (Запис номер 36987)

MARC детайли
000 -Лидер
Контролно поле с фиксирана дължина 00859nam a2200265 c 4500
003 - Код на организацията, давaща контролен номер
Контролно поле BLK
005 - Дата и час на последна редакция
Контролно поле 20180420220945.0
008 - Елементи от данни с фиксирана дължина
fixed length control field 180408b bul|||||r ||||||| ||bul||
010 ## - Наследен системен номер
LC control number KNG00040109000
020 ## - Международен стандартен номер на книга ISBN
Международен стандартен номер на книга ISBN 0-582-03821-9
-- издат.: Longman
040 ## - Източник на каталожния запис
Идентификатор на билиотеката - собственик на записа BLK
041 ## - Код за език
Код за езика на текст/звукозапис или на отделно заглавие Английски
Код за езика КДБФ Английски
080 ## - УДК
Текстов определител УДК Английски език
УДК код - определител по УДК 811.111
УДК определител :371.333(072)
УДК - код + определител 811.111:371.333(072)
100 1# - Редна дума - Автор
Автор Tribble, Chris
Авторска отговорност първи автор
R(LIN) 26609
139 ## - Редно поле
Редна дума Tribble, Chris et al.
Авторски знак
245 10 - Сведения за заглавието
Заглавие Concordances in the Classroom
Подзаглавни данни A resource book for teachers
Редно поле (дума) Chris Tribble; съавт. Glyn Jones.
260 ## - Област на издателските данни
-- Harlow
Име на издателя, разпространителя и проч. Longman
Година на издаване 1990
300 ## - Физическа характеристика
Страници 95 c.
Размери/Мащаб 24 cm
700 1# - Други автори (авторска отговорност)
Лично име Jones, Glyn
Автороска отговорност (Описва отношението между автора и произведението) съавт.
9 (RLIN) 275266
852 ## - Местоположение
Форматна сигнатура Цб 169607
856 4# - Електронен адрес и достъп
Електронен формат pdf - файл
Път до файла /url/
856 4# - Електронен адрес и достъп
Електронен формат pdf - файл
Път до файла /url/
942 ## - АРТИКУЛИ
Вид на библиотечния материал Книги
Скрит в OPAC Не
944 ## - СЪЗДАВАНЕ И РЕДАКЦИЯ на ЗАПИСА
Създаване/Редакция Създаване
Дата на регистрацията/редакция 15.01.2003
Служител, извършил регистрацията/редакцията Теодора_Стоянова
944 ## - СЪЗДАВАНЕ И РЕДАКЦИЯ на ЗАПИСА
Създаване/Редакция Редакция
Дата на регистрацията/редакция 29.04.2004
Служител, извършил регистрацията/редакцията
999 ## - СИСТЕМНИ КОНТРОЛНИ НОМЕРА
Koha biblionumber 36987
Koha biblioitemnumber 36987
Наличности
Код за отписване Код за изгубен артикул Код за повреда Коз за рестрикции Код за отдаване Артикулен № Име на библиотеката - собственик Име на библиотеката, в която се намира в момента Статус (Текущо местоположение) Дата на вписване в системата Местоположение - отдел Цена в лева Инвентарен номер Систематично азбучна сигнатура Баркод Номер на екземпляра Цена в евро Служебна бележка Служебен тип на артикула
  Не е изгубен Не е повреден без рестрикции заемане за дома 58142 Регионална библиотека "Любен Каравелов" Русе Регионална библиотека "Любен Каравелов" Русе ЧЧЗО - англ. ез. - Британски съвет 2001-01-01 ЧЧЗО - англ. ез. - Британски съвет 0.00 572092 Ч3 802.0/T 86 572092 1 0.00 Дата инв: 18.03.2015 Бележки инв: Ч32015 Книги
  Не е изгубен Не е повреден без рестрикции заемане за дома 58143 Регионална библиотека "Любен Каравелов" Русе Регионална библиотека "Любен Каравелов" Русе ЧЧЗО - англ. ез. - Британски съвет 2001-01-01 ЧЧЗО - англ. ез. - Британски съвет 0.00 572093 Ч3 802.0/T 86 572093 2 0.00 Дата инв: 18.03.2015 Бележки инв: Ч32015 Книги
Vip Innovations Ltd, Rousse, Bulgaria 2025